| 000 | 00517nam a22001577a 4500 | ||
|---|---|---|---|
| 003 | NUST | ||
| 082 | _a610 | ||
| 100 |
_aASHRAF ,USMAN _9121638 |
||
| 245 |
_aDESIGN AND FABRICATION OF SUTURE-LESS WOUND CLOSURE DEVICE / _cUSMAN ASHRAF |
||
| 264 |
_aIslamabad : _bSMME- NUST; _c2019. |
||
| 300 |
_a59p. ; _bSoft Copy _c33cm. |
||
| 650 |
_aMS Mechanical Engineering _9119495 |
||
| 700 | _aSupervisor : Dr. Nosheen Fatima Rana | ||
| 856 | _uhttp://10.250.8.41:8080/xmlui/handle/123456789/8413 | ||
| 942 |
_2ddc _cTHE |
||
| 999 |
_c608459 _d608459 |
||